000 00386 a2200169 4500
001 47728
020 _a9788596022699
040 _cAnchieta - Aquarius
100 _aAlmeida, Rosane
240 1 0 _aCumarim, a pimenta do reino
_lpor
245 1 0 _aCumarim, a pimenta do reino
300 _a47
362 0 _a2019
440 1 _aFTD
650 4 _aLiteratura infanto-juvenil
942 _cBK
999 _c47728
_d47728